LIBRARY ONLINE CATALOGUE

Hard questions, real answers / (Record no. 21694)

MARC details
000 -LEADER
fixed length control field 01443cam a2200373 a 4500
001 - CONTROL NUMBER
control field 13307223
003 - CONTROL NUMBER IDENTIFIER
control field OSt
005 - DATE AND TIME OF LATEST TRANSACTION
control field 20260616161416.0
008 - FIXED-LENGTH DATA ELEMENTS--GENERAL INFORMATION
fixed length control field 030811s2003 ilu b 001 0 eng
010 ## - LIBRARY OF CONGRESS CONTROL NUMBER
LC control number 2003017935
020 ## - INTERNATIONAL STANDARD BOOK NUMBER
International Standard Book Number 1581344872
Qualifying information pbk.
020 ## - INTERNATIONAL STANDARD BOOK NUMBER
International Standard Book Number 9781581344875
Qualifying information (pbk.)
035 ## - SYSTEM CONTROL NUMBER
System control number 13307223
040 ## - CATALOGING SOURCE
Original cataloging agency DLC
Transcribing agency DLC
Modifying agency DLC
050 00 - LIBRARY OF CONGRESS CALL NUMBER
Classification number BT1103
Item number .C73 2003
082 00 - DEWEY DECIMAL CLASSIFICATION NUMBER
Classification number 239
Edition number 22
100 1# - MAIN ENTRY--PERSONAL NAME
Personal name Craig, William Lane.
245 10 - TITLE STATEMENT
Title Hard questions, real answers /
Statement of responsibility, etc. William Lane Craig.
260 ## - PUBLICATION, DISTRIBUTION, ETC. (IMPRINT)
Place of publication, distribution, etc. Wheaton, Ill. :
Name of publisher, distributor, etc. Crossway Books,
Date of publication, distribution, etc. c2003.
300 ## - PHYSICAL DESCRIPTION
Extent 172 p. ;
Dimensions 22 cm.
336 ## - CONTENT TYPE
Content type term text
Content type code txt
Source rdacontent
337 ## - MEDIA TYPE
Media type term unmediated
Media type code n
Source rdamedia
338 ## - CARRIER TYPE
Carrier type term volume
Carrier type code nc
Source rdacarrier
500 ## - GENERAL NOTE
General note "Portions of the introduction, chapters 1-5, and chapter 8 were previously published as No easy answers, Chicago : Moody, 1990"--T.p. verso.
504 ## - BIBLIOGRAPHY, ETC. NOTE
Bibliography, etc Includes bibliographical references and indexes.
583 ## - ACTION NOTE
Action Cataloguing:
Time/date of action 20260616
Action agent gtanuigtanui
650 #0 - SUBJECT ADDED ENTRY--TOPICAL TERM
Topical term or geographic name as entry element Apologetics.
700 1# - ADDED ENTRY--PERSONAL NAME
Personal name Craig, William Lane.
Title of a work No easy answers.
856 41 - ELECTRONIC LOCATION AND ACCESS
Materials specified Table of contents
Uniform Resource Identifier <a href="http://www.loc.gov/catdir/toc/ecip047/2003017935.html">http://www.loc.gov/catdir/toc/ecip047/2003017935.html</a>
906 ## - LOCAL DATA ELEMENT F, LDF (RLIN)
a 7
b cbc
c orignew
d 1
e ecip
f 20
g y-gencatlg
942 ## - ADDED ENTRY ELEMENTS (KOHA)
Source of classification or shelving scheme Library of Congress Classification
Koha item type General Collection
Holdings
Withdrawn status Lost status Source of classification or shelving scheme Not for loan Home library Current library Shelving location Date acquired Source of acquisition Inventory number Total Checkouts Full call number Barcode Date last seen Copy number Price effective from Koha item type
    Library of Congress Classification   Kabarak, Main Campus Kabarak, Main Campus General Stacks 16/06/2026 Donation 2026/4426   BT1103 .C73 2003 C.1 38048 16/06/2026 C.1 16/06/2026 General Collection